000 00221 a2200097 4500
001 34673
100 _aIAN, Mc Whinney IAN
245 _aFamily Medicine
260 _aNewyork
_bOxford University
_c
090 _c22957
_d22957
942 _aNUST-CAE
_cM
_c14399
999 _c269746
_d269746